Northernmost Capitals by Continent Quiz Stats

 Plays Quiz Updated Mar 28, 2019

Score 0/50 Timer 07:00
0 Plays Today
ghgg Capital % Correct
AsiaMoscow
93.4%
EuropeMoscow
93.4%
North AmericaWashington D.C.
92.4%
AfricaCairo
90.6%
EuropeOslo
90.5%
North AmericaOttawa
89.8%
EuropeHelsinki
86.5%
North AmericaMexico City
86.4%
EuropeStockholm
86.3%
EuropeCopenhagen
79.5%
AfricaTunis
79.5%
EuropeReykjavik
76.9%
North AmericaHavana
76.2%
AfricaAlgiers
74.9%
AsiaBeijing
72.4%
EuropeRiga
70%
South AmericaCaracas
69.7%
South AmericaBogotá
68.9%
AfricaTripoli
68%
AfricaRabat
66.2%
North AmericaKingston
65%
EuropeTallinn
64.6%
South AmericaQuito
61.5%
EuropeVilnius
59.7%
North AmericaPort-au-Prince
57.8%
ghgg Capital % Correct
North AmericaNassau
57.6%
AsiaUlaan Baatar
57.1%
EuropeMinsk
55.2%
South AmericaGeorgetown
52.6%
AfricaKhartoum
50.2%
AsiaNur-Sultan
49.6%
North AmericaSanto Domingo
48%
AsiaBaku
43.1%
AsiaTashkent
42.6%
South AmericaParamaribo
41.8%
AsiaBishkek
41%
AsiaTbilisi
40.3%
North AmericaBelmopan
39.2%
AsiaYerevan
37.8%
AsiaAnkara
35%
AfricaDakar
34.9%
AfricaAsmara
27.8%
AfricaNouakchott
27.7%
North AmericaBasseterre
21.8%
OceaniaYaren
21.1%
OceaniaPalikir
20.9%
OceaniaMajuro
20%
AfricaPraia
19.8%
OceaniaNgerulmud
19.7%
OceaniaTarawa
19.5%

You're not logged in!

Compare scores with friends on all Sporcle quizzes.
OR
Log In

Sporcle TV

Today on Sporcle TV


Watch our educational content, quiz creation guides, and fun videos on Sporcle TV.

Show Comments

Extras

Top Quizzes Today


Score Distribution

Your Account Isn't Verified!

In order to create a playlist on Sporcle, you need to verify the email address you used during registration. Go to your Sporcle Settings to finish the process.

Report this User

Report this user for behavior that violates our Community Guidelines.

Details: